MARC details
| 000 -LEADER |
| fixed length control field |
02981cad a22004935a 4500 |
| 001 - CONTROL NUMBER |
| control field |
L144341 |
| 008 - FIXED-LENGTH DATA ELEMENTS--GENERAL INFORMATION |
| fixed length control field |
080711e20080603xxk f v 000 0 eng d |
| 035 ## - SYSTEM CONTROL NUMBER |
| System control number |
(Sirsi) u144341 |
| 041 0# - LANGUAGE CODE |
| Language code of text/sound track or separate title |
eng |
| 245 00 - TITLE STATEMENT |
| Title |
Union Railways (North) Limited v London and Continental Railways Limited and Kent County Council |
| Medium |
[electronic resource] |
| 260 ## - PUBLICATION, DISTRIBUTION, ETC. |
| Date of publication, distribution, etc. |
2008 |
| 520 ## - SUMMARY, ETC. |
| Summary, etc. |
[2008] EWLands ACQ_212_2005, 3 June 2008. Tribunal asked to determine: whether an acquiring authority was entitled , if it chose, not to serve notice to treat an owner of an interest in land that it was taking the land under its compulsory powers and whether a claimant could make reference to the Lands Tribunal if notice to treat had not been served on him. Also asked to decide whether the Lands Tribunal had jurisdiction to determine the question of entitlement to compensation. Held: Where land was to be acquired under a compulsory purchase order, the acquiring authority had to give notice to treat to every person with an interest in the land, failing which a person with such an interest could apply to the Lands Tribunal under the Compulsory Purchase Act 1965 for determination of their entitlement compensation. |
| 590 ## - LOCAL NOTE (RLIN) |
| Local note |
KA |
| 650 24 - SUBJECT ADDED ENTRY--TOPICAL TERM |
| Topical term or geographic name entry element |
UNION RAILWAYS NORTH LTD V LONDON AND CONTINENTAL RAILWAYS LTD AND KENT COUNTY COUNCIL |
| 650 24 - SUBJECT ADDED ENTRY--TOPICAL TERM |
| Topical term or geographic name entry element |
COMPULSORY PURCHASE ACT 1965 |
| 650 24 - SUBJECT ADDED ENTRY--TOPICAL TERM |
| Topical term or geographic name entry element |
LANDS CLAUSES CONSOLIDATION ACT 1845 |
| 650 24 - SUBJECT ADDED ENTRY--TOPICAL TERM |
| Topical term or geographic name entry element |
LANDS TRIBUNAL ACT 1949 |
| 650 24 - SUBJECT ADDED ENTRY--TOPICAL TERM |
| Topical term or geographic name entry element |
LAND COMPENSATION ACT 1961 |
| 650 24 - SUBJECT ADDED ENTRY--TOPICAL TERM |
| Topical term or geographic name entry element |
R V SOUTH COMMITTEE MEN FOR SOUTH HOLLAND DRAINAGE |
| 650 24 - SUBJECT ADDED ENTRY--TOPICAL TERM |
| Topical term or geographic name entry element |
STONE V COMMERCIAL RAILWAY COMPANY |
| 650 24 - SUBJECT ADDED ENTRY--TOPICAL TERM |
| Topical term or geographic name entry element |
TOWER V EASTERN COUNTIES RAILWAY |
| 650 24 - SUBJECT ADDED ENTRY--TOPICAL TERM |
| Topical term or geographic name entry element |
ADAMS V LONDON AND BLACKWALL RAILWAY COMPANY |
| 650 24 - SUBJECT ADDED ENTRY--TOPICAL TERM |
| Topical term or geographic name entry element |
R V LONDON AND NORTH WESTERN RAILWAY COMPANY |
| 650 24 - SUBJECT ADDED ENTRY--TOPICAL TERM |
| Topical term or geographic name entry element |
SALISBURY MARQUIS OF V GREAT NORTHERN RAILWAY COMPANY |
| 650 24 - SUBJECT ADDED ENTRY--TOPICAL TERM |
| Topical term or geographic name entry element |
STOCKTON AND DARLINGTON RAILWAY COMPANY V BROWN |
| 650 24 - SUBJECT ADDED ENTRY--TOPICAL TERM |
| Topical term or geographic name entry element |
MARTIN V LONDON CHATHAM AND DOVER RAILWAY COMPANY |
| 650 24 - SUBJECT ADDED ENTRY--TOPICAL TERM |
| Topical term or geographic name entry element |
ABRAHAMS V MAYOR OF LONDON |
| 650 24 - SUBJECT ADDED ENTRY--TOPICAL TERM |
| Topical term or geographic name entry element |
HAMMERSMITH RAILWAY COMPANY V BRAND |
| 650 24 - SUBJECT ADDED ENTRY--TOPICAL TERM |
| Topical term or geographic name entry element |
R V GREAT NORTHERN RAILWAY COMPANY |
| 650 24 - SUBJECT ADDED ENTRY--TOPICAL TERM |
| Topical term or geographic name entry element |
ECCLESIASTICAL COMMISSIONERS V COMMISSIONERS FOR SEWERS FOR CITY OF LONDON |
| 650 24 - SUBJECT ADDED ENTRY--TOPICAL TERM |
| Topical term or geographic name entry element |
R V EDWARDS |
| 650 24 - SUBJECT ADDED ENTRY--TOPICAL TERM |
| Topical term or geographic name entry element |
TIVERTON AND NORTH DEVON RAILWAY COMPANY V LOOSEMORE |
| 650 24 - SUBJECT ADDED ENTRY--TOPICAL TERM |
| Topical term or geographic name entry element |
DAVIDSONS TRUSTEES V CALEDONIAN RAILWAY COMPANY |
| 650 24 - SUBJECT ADDED ENTRY--TOPICAL TERM |
| Topical term or geographic name entry element |
CALEDONIAN RAILWAY COMPANY V DAVIDSON |
| 650 24 - SUBJECT ADDED ENTRY--TOPICAL TERM |
| Topical term or geographic name entry element |
FRANK WARR AND CO LTD V LONDON COUNTY COUNCIL |
| 650 24 - SUBJECT ADDED ENTRY--TOPICAL TERM |
| Topical term or geographic name entry element |
GOODWIN FOSTER BROWN LTD V DERBY CORPORATION |
| 650 24 - SUBJECT ADDED ENTRY--TOPICAL TERM |
| Topical term or geographic name entry element |
HORN V SUNDERLAND CORPORATION |
| 650 24 - SUBJECT ADDED ENTRY--TOPICAL TERM |
| Topical term or geographic name entry element |
OPPENHEIMER V MINISTER OF TRANSPORT |
| 650 24 - SUBJECT ADDED ENTRY--TOPICAL TERM |
| Topical term or geographic name entry element |
RE PURKISS APPLICATION |
| 651 #4 - SUBJECT ADDED ENTRY--GEOGRAPHIC NAME |
| Geographic name |
United Kingdom |
| Chronological subdivision |
|
| 690 ## - LOCAL SUBJECT ADDED ENTRY--TOPICAL TERM (OCLC, RLIN) |
| Topical term or geographic name as entry element |
ENVIRONMENTAL AND LAND CONSULTANCY-PLANNING AND DEVELOPMENT-COMPULSORY PURCHASE AND COMPENSATION |
| 856 40 - ELECTRONIC LOCATION AND ACCESS |
| Uniform Resource Identifier |
<a href="https://www.bailii.org/ew/cases/EWLands/2008/ACQ_212_2005.html">https://www.bailii.org/ew/cases/EWLands/2008/ACQ_212_2005.html</a> |
| Public note |
View the case free of charge online at www.bailii.org... |
| 942 ## - ADDED ENTRY ELEMENTS (KOHA) |
| Suppress in OPAC |
0 |